000 00296nam a2200109Ia 4500
008 220204s9999 xx 000 0 und d
082 _a165.63
_bJHA
100 _aAkhileshwar Jha
245 0 _aIntellectuals at the crossroads: The Indian situation
260 _aNew Delhi
_bVikas
_c1977
942 _cBK
999 _c24920
_d24920